[Event "Fouesnant op 15th"]
[Site "Fouesnant"]
[Date "2009.10.28"]
[Round "6"]
[White "Le Perf, Henri"]
[Black "Delaire, Eric"]
[Result "1/2-1/2"]
[WhiteElo "1702"]
[BlackElo "1834"]
[PlyCount "84"]
[EventDate "2009.10.26"]
[EventType "swiss"]
[EventRounds "9"]
[EventCountry "FRA"]
[SourceTitle "EXT 2010"]
[Source "ChessBase"]
[SourceDate "2010.11.25"]
[SourceVersion "1"]
[SourceVersionDate "2010.11.25"]
[SourceQuality "1"]

1. b3 e5 2. Bb2 Nc6 3. e3 d5 4. Bb5 Bd6 5. Nf3 Bg4 6. h3 Bxf3 7. gxf3 Nge7 8. Nc3 Qd7 9. f4 exf4 10. exf4 Bxf4 11. Qf3 Qe6+ 12. Ne2 Be5 13. d4 Bf6 14. 0-0-0 0-0-0 15. Kb1 a6 16. Nf4 Qd6 17. Bf1 Ng6 18. Nh5 Nh4 19. Qg4+ Kb8 20. Nxf6 Qxf6 21. Bd3 Ng6 22. Bc1 h5 23. Qf5 Qxf5 24. Bxf5 Nge7 25. Bd3 f6 26. Rhe1 Rhe8 27. Re6 Nxd4 28. Re3 Nec6 29. Rxe8 Rxe8 30. c3 Nb5 31. Bxb5 axb5 32. Rxd5 Re5 33. Rd7 g5 34. Rh7 h4 35. f4 gxf4 36. Bxf4 Re1+ 37. Kb2 Ne5 38. Bxe5 Rxe5 39. Rh8+ Ka7 40. Rxh4 Re7 41. Rf4 Rf7 42. h4 Kb6 1/2-1/2

[Event "Fouesnant op 15th"]
[Site "Fouesnant"]
[Date "2009.10.27"]
[Round "5"]
[White "Le Tellec, Brice"]
[Black "Le Perf, Henri"]
[Result "0-1"]
[WhiteElo "1580"]
[BlackElo "1702"]
[PlyCount "76"]
[EventDate "2009.10.26"]
[EventType "swiss"]
[EventRounds "9"]
[EventCountry "FRA"]
[SourceTitle "EXT 2010"]
[Source "ChessBase"]
[SourceDate "2010.11.25"]
[SourceVersion "1"]
[SourceVersionDate "2010.11.25"]
[SourceQuality "1"]

1. d4 Nf6 2. Nf3 g6 3. c4 Bg7 4. Nc3 0-0 5. e4 d6 6. Bg5 h6 7. Bh4 b6 8. Qd2 Bb7 9. Bd3 c5 10. d5 Nbd7 11. Bg3 Re8 12. 0-0 Ng4 13. h3 Nge5 14. Nh2 e6 15. f4 Nxd3 16. Qxd3 exd5 17. exd5 Re3 18. Qd2 Rxg3 19. Nf3 Bd4+ 20. Kh2 Rxf3 21. Rxf3 f5 22. Nb5 Nf6 23. Nxd4 cxd4 24. Qxd4 Ne4 25. Rg1 Qf6 26. Qxf6 Nxf6 27. Re1 Kf7 28. Ra3 Ne4 29. Ree3 Nd2 30. Rec3 Nb1 31. Re3 Nxa3 32. Rxa3 a5 33. Re3 b5 34. Rb3 Ba6 35. cxb5 Bb7 36. b6 Bxd5 37. Ra3 a4 38. b3 axb3 0-1

[Event "FRA-chT1B 0809"]
[Site "France"]
[Date "2009.04.05"]
[Round "11.8"]
[White "Le Perf, Henri"]
[Black "Husson, Cybele"]
[Result "0-1"]
[WhiteElo "1721"]
[BlackElo "2006"]
[PlyCount "87"]
[EventDate "2008.10.19"]
[EventType "tourn"]
[EventRounds "11"]
[EventCountry "FRA"]
[SourceTitle "EXT 2010"]
[Source "ChessBase"]
[SourceDate "2010.11.25"]
[SourceVersion "1"]
[SourceVersionDate "2010.11.25"]
[SourceQuality "1"]
[WhiteTeam "Guingamp"]
[BlackTeam "Cappelle la Grande"]
[WhiteTeamCountry "FRA"]
[BlackTeamCountry "FRA"]

1. b3 b6 2. Bb2 Bb7 3. Nf3 Nf6 4. e3 d5 5. c4 e6 6. Nc3 Be7 7. Bd3 dxc4 8. Bxc4 0-0 9. 0-0 Nbd7 10. Re1 Nc5 11. Qc2 Nce4 12. a3 a6 13. d4 Nxc3 14. Bxc3 Ne4 15. Bb2 Bd6 16. Bd3 f5 17. Ne5 Qh4 18. g3 Qh5 19. Qe2 Qh6 20. f3 Ng5 21. Rf1 Qh5 22. e4 fxe4 23. fxe4 Qxe2 24. Bxe2 Nxe4 25. Rxf8+ Rxf8 26. Rf1 Rxf1+ 27. Bxf1 Nd2 28. Bg2 Bxg2 29. Kxg2 Nxb3 30. Nf3 h6 31. Kf2 Kf7 32. Ke3 c5 33. dxc5 Nxc5 34. Kd4 g5 35. Nd2 b5 36. Bc3 Na4 37. Bb4 Bxb4 38. axb4 Kf6 39. Ne4+ Kf5 40. Nf2 e5+ 41. Ke3 Nc3 42. g4+ Ke6 43. Nd3 Kd5 44. Nb2 0-1

[Event "Le Touquet op 22nd B"]
[Site "Le Touquet"]
[Date "2007.10.29"]
[Round "4.3"]
[White "Bougel, Claude"]
[Black "Le Perf, Henri"]
[Result "1-0"]
[WhiteElo "1862"]
[BlackElo "1620"]
[PlyCount "53"]
[EventDate "2007.10.27"]
[EventType "swiss"]
[EventRounds "9"]
[EventCountry "FRA"]
[SourceTitle "EXT 2024"]
[Source "ChessBase"]
[SourceDate "2023.10.10"]
[SourceVersion "1"]
[SourceVersionDate "2023.10.10"]
[SourceQuality "1"]

1. c4 c5 2. Nc3 Nc6 3. Nf3 g6 4. e3 Bg7 5. d4 cxd4 6. exd4 d6 7. Be3 Nf6 8. d5 Ne5 9. Nxe5 dxe5 10. Be2 0-0 11. 0-0 Bf5 12. g4 Bd7 13. f3 Qc8 14. Ne4 Ne8 15. Nc5 f5 16. Nxd7 Qxd7 17. gxf5 Rxf5 18. Bd3 Rh5 19. Be4 Nf6 20. Qe2 Qh3 21. Qg2 Rf8 22. Qxh3 Rxh3 23. Kg2 Rh5 24. Bxa7 Nxe4 25. fxe4 b6 26. Rxf8+ Kxf8 27. Bxb6 1-0

[Event "Plancoet op 2nd"]
[Site "Plancoet"]
[Date "2002.07.30"]
[Round "5.23"]
[White "Le Perf, Henri"]
[Black "Delaire, Eric"]
[Result "0-1"]
[WhiteElo "1630"]
[BlackElo "1810"]
[PlyCount "93"]
[EventDate "2002.07.23"]
[EventType "swiss"]
[EventRounds "9"]
[EventCountry "FRA"]
[SourceTitle "EXT 2003"]
[Source "ChessBase"]
[SourceDate "2002.11.25"]
[SourceVersion "1"]
[SourceVersionDate "2002.11.25"]
[SourceQuality "1"]

1. e4 e5 2. Nf3 Nf6 3. Nc3 Bb4 4. Nd5 Nxd5 5. exd5 e4 6. Nd4 Qg5 7. c4 c6 8. a3 Bc5 9. d3 Qf6 10. Qe2 Bxd4 11. dxe4 0-0 12. Rb1 Re8 13. f3 cxd5 14. cxd5 b6 15. Be3 Be5 16. Qf2 Ba6 17. Bxa6 Nxa6 18. f4 Bc7 19. e5 Qf5 20. 0-0 d6 21. exd6 Bxd6 22. Bd4 Bc5 23. b4 Bxd4 24. Qxd4 Rad8 25. d6 Qe4 26. Qd2 Qe3+ 27. Qxe3 Rxe3 28. Rbd1 Kf8 29. Rd4 Ke8 30. Kf2 Re6 31. Rfd1 Kd7 32. f5 Re5 33. g4 Rc8 34. Kf3 f6 35. Kf4 Re2 36. h4 Rc3 37. g5 Rh2 38. Kg4 Rch3 39. gxf6 gxf6 40. Rd5 Rxh4+ 41. Kg3 R4h3+ 42. Kg4 h5+ 43. Kf4 Rf2+ 44. Ke4 Rc2 45. R5d4 Rh4+ 46. Kd3 Rxd4+ 47. Kxd4 0-1

[Event "Fouesnant op 07th"]
[Site "Fouesnant"]
[Date "2001.10.30"]
[Round "5"]
[White "Le Perf, Henri"]
[Black "Bacon, Bruno"]
[Result "0-1"]
[WhiteElo "1620"]
[BlackElo "1740"]
[PlyCount "70"]
[EventDate "2001.10.27"]
[EventType "swiss"]
[EventRounds "7"]
[EventCountry "FRA"]
[SourceTitle "EXT 2003"]
[Source "ChessBase"]
[SourceDate "2002.11.25"]
[SourceVersion "1"]
[SourceVersionDate "2002.11.25"]
[SourceQuality "1"]

1. b3 Nf6 2. Bb2 g6 3. e3 Bg7 4. Nf3 d6 5. Be2 c5 6. d3 Nc6 7. Nbd2 Bd7 8. 0-0 0-0 9. h3 Qc8 10. Nh2 a6 11. Nc4 Qd8 12. Ng4 Nxg4 13. Bxg7 Nxe3 14. fxe3 Kxg7 15. a4 d5 16. Nd2 e5 17. Rf3 f5 18. Qf1 Qa5 19. Qd1 Rae8 20. c4 e4 21. dxe4 dxe4 22. Nxe4 Ne5 23. Nd6 Nxf3+ 24. Bxf3 Re7 25. Nxb7 Qc7 26. Qd2 Bc6 27. Nxc5 Bxf3 28. Qd4+ Kg8 29. Nxa6 Qg3 30. Qd2 Bxg2 31. Qxg2 Qxe3+ 32. Kh1 Rd8 33. Rf1 Rd2 34. Qf3 Qxf3+ 35. Rxf3 Re1+ 0-1

[Event "Fouesnant op 03rd"]
[Site "Fouesnant"]
[Date "1997.??.??"]
[Round "5"]
[White "Guillaumat, Jean Pierre"]
[Black "Le Perf, Henri"]
[Result "1/2-1/2"]
[WhiteElo "1900"]
[BlackElo "1610"]
[PlyCount "44"]
[EventDate "1997.10.??"]
[EventType "swiss"]
[EventRounds "9"]
[EventCountry "FRA"]
[SourceTitle "EXT 2003"]
[Source "ChessBase"]
[SourceDate "2002.11.25"]
[SourceVersion "1"]
[SourceVersionDate "2002.11.25"]
[SourceQuality "1"]

1. d4 d5 2. Nf3 Nf6 3. b4 b6 4. e3 e6 5. a3 c5 6. c3 Bd7 7. Be2 c4 8. a4 a6 9. Qc2 Nc6 10. Nbd2 b5 11. a5 Nxb4 12. cxb4 Bxb4 13. 0-0 Bxa5 14. e4 Bxd2 15. Nxd2 dxe4 16. Nxe4 0-0 17. Ba3 Bc6 18. Nxf6+ Qxf6 19. Bxf8 Kxf8 20. Bxc4 Qxd4 21. Bd3 Bxg2 22. Kxg2 Qg4+ 1/2-1/2